000 02049nam a22002657a 4500
999 _c58783
_d58783
003 Ge_BSU
005 20220726132822.0
008 220726s2022ge xxu||||| |||| 00| 0 geo d
020 _a9789941977787
041 _ageo
080 _a94(479.22-22) +929 ს-70
100 _aსოსიაშვილი, გიორგი,
_914489
245 _aარბო, პარიზი, ლიმა = Arbo, Paris, Lima : არბოს ისტორიიდან :
_bჟურულების და მაქარაშვილების ოჯახური მეხსიერება /
_cგიორგი სოსიაშვილი ; რედაქტორები: ოთარ ჯანელიძე, მირიან ხოსიტაშვილი ; ტექსტის თარგმანი ზურაბ ზურაბაშვილი.
264 _aთბილისი :
_bსაქართველოს პარლამენტის ეროვნული ბიბლიოთეკა,
_c 2022.
300 _a656 გვ. :
_b ფოტ. ;
_c26 სმ.
504 _aბიბლიოგრაფია ტექსტის შენიშვნებში და გვ. 373-386.
546 _aგარეკანი, თავფურცელი და ტექსტი ქართულ და ინგლისურ ენებზე.
653 _aგამოჩენილ ქართველ ადამიანთა ბიოგრაფიები.
653 _aქართული გვარების ისტორია.
653 _aსაქართველოს სოფლების ისტორია.
700 _aჯანელიძე, ოთარ
_eრედაქტორი
_91743
700 _aხოსიტაშვილი, მირიან
_eრედაქტორი
_914490
700 _aზურაბაშვილი, ზურაბ
_eმთარგმნელი
_914491
942 _2udc
_cBK